| 000 | 00474nam a2200193Ia 4500 | ||
|---|---|---|---|
| 003 | OSt | ||
| 005 | 20220603103422.0 | ||
| 008 | 210210b1985 xxu||||| |||| 00| 0 eng d | ||
| 040 | _cAL | ||
| 041 | _aEnglish | ||
| 082 | _a511.8 MEYC | ||
| 100 |
_aMEYER (Walter J). _940276 |
||
| 245 | _aConcepts of mathematical modeling | ||
| 260 |
_aNY _bMcGraw-Hill Book Co _c1985 |
||
| 300 | _axi,440 | ||
| 690 |
_aMathematical Modeling _940277 |
||
| 906 | _a037825 | ||
| 942 |
_2ddc _cBK |
||
| 999 |
_c87783 _d87783 |
||